Catálogo
 En Linea

Bodas de sangre / (Registro nro. 18101)

Detalles MARC
000 -CABECERA
campo de control de longitud fija 00951nam a2200253 a 4500
001 - NÚMERO DE CONTROL
campo de control 000018581
005 - FECHA Y HORA DE LA ÚLTIMA TRANSACCIÓN
campo de control 20210409114020.0
008 - DATOS DE LONGITUD FIJA--INFORMACIÓN GENERAL
campo de control de longitud fija 100511s1986 sp a r 000 d spa d
040 ## - FUENTE DE LA CATALOGACIÓN
Centro catalogador/agencia de origen DO-SdBNP
Lengua de catalogación spa
Centro/agencia transcriptor BNPHU
082 ## - NÚMERO DE LA CLASIFICACIÓN DECIMAL DEWEY
Número de clasificación 862.62
Número de documento/Ítem G216b
100 ## - ENTRADA PRINCIPAL--NOMBRE DE PERSONA
Nombre de persona García Lorca, Federico,
Fechas asociadas al nombre 1898-1936
9 (RLIN) 14727
245 10 - MENCIÓN DE TÍTULO
Título Bodas de sangre /
Mención de responsabilidad, etc. Federico García Lorca ; edición, introducción, notas, comentarios y apéndice de Tomás Rodríguez.
260 ## - PUBLICACIÓN, DISTRIBUCIÓN, ETC.
Lugar de publicación, distribución, etc. Madrid :
Nombre del editor, distribuidor, etc. Anaya,
-- 1986.
300 ## - DESCRIPCIÓN FÍSICA
Extensión 149 p. :
Otras características físicas il. ;
Dimensiones 19 cm.
490 1# - MENCIÓN DE SERIE
Mención de serie Biblioteca didáctica Anaya
Designación de volumen o secuencia 19
500 ## - NOTA GENERAL
Nota general Incluye referencias bibliográficas y notas al pie de las páginas.
504 ## - NOTA DE BIBLIOGRAFÍA, ETC.
Nota de bibliografía, etc. Bibliografía : p. 150-151
590 ## - NOTA LOCAL (RLIN)
Nota local Inventariado, 2019/BT
650 #4 - PUNTO DE ACCESO ADICIONAL DE MATERIA--TÉRMINO DE MATERIA
Término de materia o nombre geográfico como elemento de entrada Teatro español
9 (RLIN) 3071
650 #4 - PUNTO DE ACCESO ADICIONAL DE MATERIA--TÉRMINO DE MATERIA
Término de materia o nombre geográfico como elemento de entrada Literatura española
9 (RLIN) 632
700 1# - PUNTO DE ACCESO ADICIONAL--NOMBRE DE PERSONA
Nombre de persona Rodríguez, Tomás,
Término indicativo de función/relación ed.
9 (RLIN) 40179
830 #0 - PUNTO DE ACCESO ADICIONAL DE SERIE-TÍTULO UNIFORME
Título uniforme Biblioteca didáctica Anaya ;
Número de parte o sección de la obra 19
9 (RLIN) 40180
910 ## - DATOS DE OPCIÓN DEL USUARIO (OCLC)
Datos de opción del usuario Validado. Control de calidad. MFF
Existencias
Estado de retiro Estado de pérdida Restricciones de uso No para préstamo Código de colección Localización permanente Ubicación/localización actual Ubicación en estantería Fecha de adquisición Número de inventario Total de préstamos Signatura topográfica completa Código de barras Fecha visto por última vez Precio válido a partir de Tipo de ítem Koha
        Monografías: Libros y Folletos General General Depósito 11.05.2010 LF1   862.62 G216b 18581-10 25.06.2020 25.06.2020 Préstamo en sala
        Monografías: Libros y Folletos Patrimonio Dominicano Patrimonio Dominicano Orden iniciada 19.02.2019 LF1   862.62 G216b 18581-20 25.06.2020 25.06.2020 No se presta

Con tecnología Koha